Harmonic analysis : real-variable methods, orthogonality, and oscillatory integrals
Αποθηκεύτηκε σε:
| Κύριος συγγραφέας: | |
|---|---|
| Μορφή: | Βιβλίο |
| Γλώσσα: | English |
| Δημοσίευση: |
Princeton, N.J. :
Princeton University Press,
1993
|
| Σειρά: | Princeton mathematical series ;
; 43 |
| Θέματα: | |
| Ετικέτες: |
Προσθήκη ετικέτας
Δεν υπάρχουν, Καταχωρήστε ετικέτα πρώτοι!
|
MARC
| LEADER | 00000nam a2200000 i 4500 | ||
|---|---|---|---|
| 001 | 1/37283 | ||
| 008 | 970421s1993 eng d | ||
| 020 | |a 0-691-03216-5 | ||
| 035 | |1 ΕΛΗ |a 1997 |b 1604 |c ΜΠΙΣΜΠΑΣ |l 10040470 | ||
| 040 | |a GR-MY-UA |b gre |e aacr | ||
| 041 | 0 | |a eng | |
| 082 | 0 | |a 515.785 | |
| 100 | 1 | |a Stein, Elias M. |d 1931- | |
| 245 | 1 | 0 | |a Harmonic analysis : |b real-variable methods, orthogonality, and oscillatory integrals / |c Elias M. Stein |
| 260 | |a Princeton, N.J. : |b Princeton University Press, |c 1993 | ||
| 300 | |a xiii, 695 p.; |b ill.; |c 25 cm. | ||
| 490 | 1 | |a Princeton mathematical series |v ; 43 | |
| 504 | |a Includes bibliographical references (p.645-678) and index | ||
| 650 | 0 | 0 | |a Harmonic analysis. |
| 830 | 0 | |a Princeton mathematical series ; |v ; 43 | |
| 852 | |a INST |b SAMOS |e 19970421 |h 515.785 STE |p 005300008891 |q 005300008891 |t BK |y 4 |x 20200217 | ||
| 901 | |a BIBL-1997-2 | ||
| 909 | |a Σ |b 050865 | ||